<?xml version="1.0" encoding="UTF-8"?>
<record
    xmlns:xsi="http://www.w3.org/2001/XMLSchema-instance"
    xsi:schemaLocation="http://www.loc.gov/MARC21/slim http://www.loc.gov/standards/marcxml/schema/MARC21slim.xsd"
    xmlns="http://www.loc.gov/MARC21/slim">

  <leader>01549nam a22002297a 4500</leader>
  <controlfield tag="003">Uzh_bibl</controlfield>
  <controlfield tag="008">260525b        |||||||| |||| 00| 0 ukr d</controlfield>
  <datafield tag="020" ind1=" " ind2=" ">
    <subfield code="a">978-0-00-787475-0</subfield>
    <subfield code="c">100.00</subfield>
  </datafield>
  <datafield tag="040" ind1=" " ind2=" ">
    <subfield code="b">&#x443;&#x43A;&#x440;.</subfield>
  </datafield>
  <datafield tag="041" ind1=" " ind2=" ">
    <subfield code="2">eng</subfield>
    <subfield code="a">eng</subfield>
  </datafield>
  <datafield tag="080" ind1=" " ind2=" ">
    <subfield code="a">821(410)</subfield>
  </datafield>
  <datafield tag="090" ind1=" " ind2=" ">
    <subfield code="a">821(410)</subfield>
    <subfield code="b">&#x41C; 83</subfield>
  </datafield>
  <datafield tag="100" ind1=" " ind2=" ">
    <subfield code="a"> Morpurgo, Michael </subfield>
  </datafield>
  <datafield tag="245" ind1=" " ind2=" ">
    <subfield code="a">Private Peaceful</subfield>
    <subfield code="h">Text</subfield>
  </datafield>
  <datafield tag="260" ind1=" " ind2=" ">
    <subfield code="a">London</subfield>
    <subfield code="b">HarperCollinsChildren&#x2019;sBooks</subfield>
    <subfield code="c">2004</subfield>
  </datafield>
  <datafield tag="300" ind1=" " ind2=" ">
    <subfield code="a">184 s.</subfield>
    <subfield code="b">il.</subfield>
  </datafield>
  <datafield tag="520" ind1=" " ind2=" ">
    <subfield code="a">&#x413;&#x435;&#x440;&#x43E;&#x457;&#x437;&#x43C; &#x447;&#x438; &#x431;&#x43E;&#x44F;&#x433;&#x443;&#x437;&#x442;&#x432;&#x43E;? &#x412;&#x440;&#x430;&#x436;&#x430;&#x44E;&#x447;&#x430; &#x456;&#x441;&#x442;&#x43E;&#x440;&#x456;&#x44F; &#x41F;&#x435;&#x440;&#x448;&#x43E;&#x457; &#x441;&#x432;&#x456;&#x442;&#x43E;&#x432;&#x43E;&#x457; &#x432;&#x456;&#x439;&#x43D;&#x438; &#x432;&#x456;&#x434; &#x43C;&#x430;&#x439;&#x441;&#x442;&#x440;&#x430;-&#x43E;&#x43F;&#x43E;&#x432;&#x456;&#x434;&#x430;&#x447;&#x430;.

&#x420;&#x43E;&#x437;&#x43A;&#x430;&#x437;&#x430;&#x43D;&#x430; &#x433;&#x43E;&#x43B;&#x43E;&#x441;&#x43E;&#x43C; &#x43C;&#x43E;&#x43B;&#x43E;&#x434;&#x43E;&#x433;&#x43E; &#x441;&#x43E;&#x43B;&#x434;&#x430;&#x442;&#x430;, &#x456;&#x441;&#x442;&#x43E;&#x440;&#x456;&#x44F; &#x440;&#x43E;&#x437;&#x43F;&#x43E;&#x432;&#x456;&#x434;&#x430;&#x454; &#x43F;&#x440;&#x43E; 24 &#x433;&#x43E;&#x434;&#x438;&#x43D;&#x438; &#x439;&#x43E;&#x433;&#x43E; &#x436;&#x438;&#x442;&#x442;&#x44F; &#x43D;&#x430; &#x444;&#x440;&#x43E;&#x43D;&#x442;&#x456; &#x43F;&#x456;&#x434; &#x447;&#x430;&#x441; &#x41F;&#x435;&#x440;&#x448;&#x43E;&#x457; &#x441;&#x432;&#x456;&#x442;&#x43E;&#x432;&#x43E;&#x457; &#x432;&#x456;&#x439;&#x43D;&#x438; &#x442;&#x430; &#x43F;&#x435;&#x440;&#x435;&#x434;&#x430;&#x454; &#x439;&#x43E;&#x433;&#x43E; &#x441;&#x43F;&#x43E;&#x433;&#x430;&#x434;&#x438;, &#x43A;&#x43E;&#x43B;&#x438; &#x432;&#x456;&#x43D; &#x43E;&#x437;&#x438;&#x440;&#x430;&#x454;&#x442;&#x44C;&#x441;&#x44F; &#x43D;&#x430; &#x441;&#x432;&#x43E;&#x454; &#x436;&#x438;&#x442;&#x442;&#x44F;. &#x421;&#x43F;&#x43E;&#x432;&#x43D;&#x435;&#x43D;&#x430; &#x432;&#x440;&#x430;&#x436;&#x430;&#x44E;&#x447;&#x435; &#x434;&#x43E;&#x441;&#x43B;&#x456;&#x434;&#x436;&#x435;&#x43D;&#x438;&#x445; &#x434;&#x435;&#x442;&#x430;&#x43B;&#x435;&#x439; &#x456; &#x437;&#x430;&#x445;&#x43E;&#x43F;&#x43B;&#x438;&#x432;&#x43E;&#x457; &#x430;&#x442;&#x43C;&#x43E;&#x441;&#x444;&#x435;&#x440;&#x438;, &#x43A;&#x43D;&#x438;&#x433;&#x430; &#x432;&#x435;&#x434;&#x435; &#x434;&#x43E; &#x434;&#x440;&#x430;&#x43C;&#x430;&#x442;&#x438;&#x447;&#x43D;&#x43E;&#x433;&#x43E; &#x442;&#x430; &#x437;&#x432;&#x43E;&#x440;&#x443;&#x448;&#x43B;&#x438;&#x432;&#x43E;&#x433;&#x43E; &#x444;&#x456;&#x43D;&#x430;&#x43B;&#x443;.

&#x426;&#x435; &#x456; &#x43B;&#x44E;&#x431;&#x43E;&#x432;&#x43D;&#x430; &#x456;&#x441;&#x442;&#x43E;&#x440;&#x456;&#x44F;, &#x456; &#x433;&#x43B;&#x438;&#x431;&#x43E;&#x43A;&#x43E; &#x437;&#x432;&#x43E;&#x440;&#x443;&#x448;&#x43B;&#x438;&#x432;&#x430; &#x440;&#x43E;&#x437;&#x43F;&#x43E;&#x432;&#x456;&#x434;&#x44C; &#x43F;&#x440;&#x43E; &#x436;&#x430;&#x445;&#x438; &#x41F;&#x435;&#x440;&#x448;&#x43E;&#x457; &#x441;&#x432;&#x456;&#x442;&#x43E;&#x432;&#x43E;&#x457; &#x432;&#x456;&#x439;&#x43D;&#x438;, &#x446;&#x44F; &#x43A;&#x43D;&#x438;&#x433;&#x430; &#x43E;&#x445;&#x43E;&#x43F;&#x438;&#x442;&#x44C; &#x443;&#x441;&#x456;&#x445; &#x432;&#x456;&#x43A;&#x43E;&#x43C; &#x432;&#x456;&#x434; 9 &#x434;&#x43E; 90 &#x440;&#x43E;&#x43A;&#x456;&#x432;.</subfield>
  </datafield>
  <datafield tag="521" ind1=" " ind2=" ">
    <subfield code="a">&#x414;&#x43B;&#x44F; &#x43F;&#x456;&#x434;&#x43B;&#x456;&#x442;&#x43A;&#x456;&#x432;</subfield>
  </datafield>
  <datafield tag="546" ind1=" " ind2=" ">
    <subfield code="a">&#x443;&#x43A;&#x440;.</subfield>
  </datafield>
  <datafield tag="650" ind1=" " ind2=" ">
    <subfield code="a">&#x41B;&#x456;&#x442;&#x435;&#x440;&#x430;&#x442;&#x443;&#x440;&#x43D;&#x43E;-&#x445;&#x443;&#x434;&#x43E;&#x436;&#x43D;&#x435; &#x432;&#x438;&#x434;&#x430;&#x43D;&#x43D;&#x44F;</subfield>
  </datafield>
  <datafield tag="942" ind1=" " ind2=" ">
    <subfield code="2">udc</subfield>
    <subfield code="c">BK</subfield>
  </datafield>
  <datafield tag="999" ind1=" " ind2=" ">
    <subfield code="c">18034</subfield>
    <subfield code="d">18034</subfield>
  </datafield>
  <datafield tag="952" ind1=" " ind2=" ">
    <subfield code="0">0</subfield>
    <subfield code="1">0</subfield>
    <subfield code="2">udc</subfield>
    <subfield code="4">0</subfield>
    <subfield code="7">0</subfield>
    <subfield code="a">MBdD</subfield>
    <subfield code="b">MBdD</subfield>
    <subfield code="d">2026-04-23</subfield>
    <subfield code="e">&#x41F;&#x43E;&#x434;&#x430;&#x440;&#x43E;&#x432;&#x430;&#x43D;&#x456;</subfield>
    <subfield code="i">80883</subfield>
    <subfield code="l">0</subfield>
    <subfield code="o">821(410)</subfield>
    <subfield code="p">19450</subfield>
    <subfield code="r">2026-06-01</subfield>
    <subfield code="w">2026-06-01</subfield>
    <subfield code="y">BK</subfield>
  </datafield>
</record>
